| 000 | 01284nam a2200457 a 4500 | ||
|---|---|---|---|
| 003 | AR-BaBNM | ||
| 005 | 20251128202823.0 | ||
| 008 | 082120s2002 ||||||||||||||000 | spa|| | ||
| 040 | _cAR-BaBNM | ||
| 245 | 0 | 0 | _aLa gestión pedagógica de la escuela |
| 250 | _a1ª ed. | ||
| 260 |
_aSantiago _bUnesco _c1992 |
||
| 300 | _a339 p. | ||
| 650 | 4 | _aCALIDAD DE LA EDUCACION | |
| 650 | 4 | _aCURRICULO | |
| 650 | 4 | _aTENDENCIAS DE LA POLITICA EDUCACIONAL | |
| 650 | 4 | _aEDUCACION Y EMPLEO | |
| 650 | 4 | _aCRISIS DE LA EDUCACION | |
| 651 | 4 | _aArgentina | |
| 651 | 4 | _aAmérica Latina | |
| 653 | _aINNOVACIONES EDUCATIVAS | ||
| 653 | _aESTRATEGIAS EDUCATIVAS | ||
| 653 | _aPROBLEMAS EDUCATIVOS | ||
| 653 | _aEDUCACION SUPERIOR | ||
| 653 | _aGESTION INSTITUCIONAL | ||
| 653 | _aEDUCACION SECUNDARIA | ||
| 700 | 1 | _aTedesco, Juan Carlos | |
| 700 | 1 | _aMello, Guimar Namo De | |
| 700 | 1 | _aSilva, Teresa Roserley Da | |
| 700 | 1 | _aGimeno Sacristán, José | |
| 700 | 1 | _aGranja Castro, Josefina | |
| 700 | 1 | _aLandesman, Monique | |
| 700 | 1 | _aRemedi, Eduardo | |
| 700 | 1 | _aQuiroz, Rafael | |
| 700 | 1 | _aIbarrola, María de | |
| 700 | 1 | _aCarranza, Alicia | |
| 700 | 1 | _aTeobaldo, Marta E. | |
| 700 | 1 |
_aFurlán, Alfredo _ecompilador |
|
| 942 | _cBK | ||
| 998 | _cCarmen | ||
| 999 |
_c729 _d729 |
||